Метафора в образовании терминов в области ядерной энергетики; Коммуникативные аспекты языка и культуры; Ч. 1

Bibliografiske detaljer
Parent link:Коммуникативные аспекты языка и культуры: сборник материалов XV Международной научно-практической конференции студентов и молодых ученых, г. Томск, 19-21 мая 2015 г./ Национальный исследовательский Томский политехнический университет (ТПУ) ; ред. кол. С. А. Песоцкая ; О. А. Казакова ; О. В. Седельникова.— , 2015
Ч. 1.— 2015.— [С. 194-197]
Hovedforfatter: Карева Е. С.
Institution som forfatter: Национальный исследовательский Томский политехнический университет (ТПУ) Институт международного образования и языковой коммуникации (ИМОЯК) Кафедра иностранных языков (ИЯ)
Andre forfattere: Потанина О. С. Ольга Сергеевна (научный руководитель)
Summary:Заглавие с титульного экрана
Данная статья представляет собой анализ терминов, образованных с помощью метафорического переноса. Актуальность исследования заключается в частом использовании в современном языке науки эмоционально-экспрессивных и изобразительных средств языка, которые заметно выделяются на фоне чисто научного изложения и придают научной прозе добавочную убедительность. Цель данной работы определена как исследование терминов, образованных с помощью метафор, в текстах ядерной энергетики. В результате анализа была раскрыта роль употребления метафор в научном тексте, приведены примеры с подробным описанием.
The paper shows the results of the contrastive analysis of terms formed with the help of metaphors. Frequent use of emotionally-expressive means of language represents the relevance of this study. The aim of this paper is to analyze metaphors and terms formed with the help of metaphors in texts of nuclear power. The analysis has revealed the role of the use of metaphors in scientific text; examples with detailed description were made.
Sprog:russisk
Udgivet: 2015
Serier:Актуальные проблемы лексикологии, фразеологии
Fag:
Online adgang:http://earchive.tpu.ru/handle/11683/18460
http://www.lib.tpu.ru/fulltext/c/2015/C77/V1/051.pdf
Format: Electronisk Book Chapter
KOHA link:https://koha.lib.tpu.ru/cgi-bin/koha/opac-detail.pl?biblionumber=616216

MARC

LEADER 00000naa2a2200000 4500
001 616216
005 20231101132910.0
035 |a (RuTPU)RU\TPU\conf\14454 
035 |a RU\TPU\conf\14452 
090 |a 616216 
100 |a 20151218d2015 k y0rusy50 ca 
101 0 |a rus  |d eng 
102 |a RU 
105 |a y z 101zy 
135 |a drcn ---uucaa 
181 0 |a i  
182 0 |a b 
200 1 |a Метафора в образовании терминов в области ядерной энергетики  |d Metaphor in term formation of nuclear power engineering  |f Е. С. Карева  |g науч. рук. О. С. Потанина 
203 |a Текст  |c электронный 
225 1 |a Актуальные проблемы лексикологии, фразеологии 
230 |a 1 компьютерный файл (pdf; 167 Кb) 
300 |a Заглавие с титульного экрана 
320 |a [Библиогр.: с. 197 (5 назв.)] 
330 |a Данная статья представляет собой анализ терминов, образованных с помощью метафорического переноса. Актуальность исследования заключается в частом использовании в современном языке науки эмоционально-экспрессивных и изобразительных средств языка, которые заметно выделяются на фоне чисто научного изложения и придают научной прозе добавочную убедительность. Цель данной работы определена как исследование терминов, образованных с помощью метафор, в текстах ядерной энергетики. В результате анализа была раскрыта роль употребления метафор в научном тексте, приведены примеры с подробным описанием. 
330 |a The paper shows the results of the contrastive analysis of terms formed with the help of metaphors. Frequent use of emotionally-expressive means of language represents the relevance of this study. The aim of this paper is to analyze metaphors and terms formed with the help of metaphors in texts of nuclear power. The analysis has revealed the role of the use of metaphors in scientific text; examples with detailed description were made. 
337 |a Adobe Reader 
461 1 |0 (RuTPU)RU\TPU\conf\14267  |t Коммуникативные аспекты языка и культуры  |o сборник материалов XV Международной научно-практической конференции студентов и молодых ученых, г. Томск, 19-21 мая 2015 г.  |o в 3 ч.  |f Национальный исследовательский Томский политехнический университет (ТПУ) ; ред. кол. С. А. Песоцкая ; О. А. Казакова ; О. В. Седельникова  |d 2015 
463 0 |0 (RuTPU)RU\TPU\conf\14268  |t Ч. 1  |v [С. 194-197]  |d 2015 
510 1 |a Metaphor in term formation of nuclear power engineering  |z eng 
610 1 |a труды учёных ТПУ 
610 1 |a электронный ресурс 
610 1 |a термины 
610 1 |a метафоры 
610 1 |a ядерная энергетика 
610 1 |a концепт 
610 1 |a словообразование 
700 1 |a Карева  |b Е. С. 
702 1 |a Потанина  |b О. С.  |c лингвист  |c доцент Томского политехнического университета, кандидат филологических наук  |f 1977-  |g Ольга Сергеевна  |2 stltpush  |4 727 
712 0 2 |a Национальный исследовательский Томский политехнический университет (ТПУ)  |b Институт международного образования и языковой коммуникации (ИМОЯК)  |b Кафедра иностранных языков (ИЯ)  |h 7590  |2 stltpush  |3 (RuTPU)RU\TPU\col\21260 
801 2 |a RU  |b 63413507  |c 20210216  |g RCR 
856 4 |u http://earchive.tpu.ru/handle/11683/18460 
856 4 |u http://www.lib.tpu.ru/fulltext/c/2015/C77/V1/051.pdf 
942 |c BK